00519nam a22001697a 450000500170000001000150001702000250003203500130005703700130007008200080008310000190009124500410011026000420015127000800019330000350027350000410030820131007122338.0 aENG-108555 a9788123768014c95.00 aEN-92088 bDBAD/PUB a921 a Kamlesh Mohan aRameshwari Nehru /cby Kamlesh Mohan aNew DelhibNational Book Trust c2013 aNehru Bhawan, 5 Institutional Area, Phase-II Vasant KunjbNew Delhie110070 axix, 164p. :c22cm (pbk)bill. aIncludes bibliographical references